Los impuestos sobre los capitales y sobre el patrimonio neto (Registro nro. 6448)

Detalles MARC
000 -LEADER
fixed length control field 00849 a2200229 4500
001 - CONTROL NUMBER
control field 58552
005 - DATE AND TIME OF LATEST TRANSACTION
control field 20260407155841.0
008 - FIXED-LENGTH DATA ELEMENTS--GENERAL INFORMATION
fixed length control field 260407a1986 arg spa d
003 - CONTROL NUMBER IDENTIFIER
control field AR-UNSa-BCEJYS
040 ## - CATALOGING SOURCE
Original cataloging agency AR-UNSa-BCEJYS
Language of cataloging spa
Transcribing agency AR-UNSa-BCEJYS
080 ## - UNIVERSAL DECIMAL CLASSIFICATION NUMBER
Universal Decimal Classification number 336.226.1
Common auxiliary subdivision Impuestos a las ganancias o los beneficios (Impuesto Diferido)
020 ## - INTERNATIONAL STANDARD BOOK NUMBER
International Standard Book Number 950-541-034-4
100 1# - MAIN ENTRY--PERSONAL NAME
Personal name Scotti, Nicolás Juan
245 10 - TITLE STATEMENT
Title Los impuestos sobre los capitales y sobre el patrimonio neto
264 #1 - PRODUCTION, PUBLICATION, DISTRIBUTION, MANUFACTURE, AND COPYRIGHT NOTICE
Place of production, publication, distribution, manufacture Buenos Aires :
Name of producer, publisher, distributor, manufacturer Ediciones Contabilidad Moderna
Date of production, publication, distribution, manufacture, or copyright notice 1986
300 ## - PHYSICAL DESCRIPTION
Extent 266 p.
Dimensions 28 cm.
505 ## - FORMATTED CONTENTS NOTE
Formatted contents note 1. Temas básicos de finanzas públicas - 2. Impuesto sobre los capitales - 3. Impuesto sobre el patrimonio Neto - 4. Normas Legales
590 ## - LOCAL NOTE (RLIN)
Local note niveau_biblio:m niveau_hierar:0
700 1# - ADDED ENTRY--PERSONAL NAME
Personal name Gebhardt, Jorge
700 1# - ADDED ENTRY--PERSONAL NAME
Personal name Litvak, José D.
942 ## - ADDED ENTRY ELEMENTS (KOHA)
Koha item type
Existencias
Withdrawn status Lost status Damaged status Not for loan Home library Current library Shelving location Date acquired Total checkouts Full call number Barcode Date last seen Price effective from Koha item type
        Biblioteca Prof. Eusebio Cleto del Rey Biblioteca Prof. Eusebio Cleto del Rey   07/04/2026   336.226.1 S425 L45552 07/04/2026 07/04/2026 Libro
        Biblioteca Prof. Eusebio Cleto del Rey Biblioteca Prof. Eusebio Cleto del Rey   07/04/2026   336.226.1 S425 L45467 07/04/2026 07/04/2026 Libro